000 00653nam a2200277Ia 4500
005 20260324121533.0
008 008 260324s9999 xx 000 0 eng d
020 _a9780203083536
037 _aEBOOK
040 _aCRL
040 _beng
040 _cCRL
041 _2eng
041 _aeng
084 _qCRL
100 _aDawn Rothe; David Kauzlarich
_91162889
245 0 _aTowards a Victimology of State Crime
260 _bTaylor and Francis
260 _c2014
365 _a
365 _b240
856 _uhttp://www.taylorfrancis.com/books/9780203083536
942 _cEBOOK
999 _c1755072
_d1755072